[Event "Heusenstamm Sparkassen op U14 7th"]
[Site "Heusenstamm"]
[Date "2021.11.20"]
[Round "3.19"]
[White "Galea, Luca"]
[Black "Steigerwald, Alexander"]
[Result "0-1"]
[WhiteElo "860"]
[BlackElo "1017"]
[PlyCount "64"]
[EventDate "2021.11.19"]
[EventType "swiss"]
[EventRounds "7"]
[EventCountry "GER"]
[SourceTitle "EXT 2023"]
[Source "ChessBase"]
[SourceDate "2022.10.05"]
[SourceVersion "1"]
[SourceVersionDate "2022.10.05"]
[SourceQuality "1"]

1. e4 c5 2. Nf3 Nc6 3. Nc3 g6 4. Bc4 Bg7 5. Ng5 e6 6. Qf3 Nf6 7. e5 Nxe5 8. Qf4 Nxc4 9. Qxc4 b6 10. d3 0-0 11. Bf4 Re8 12. 0-0 Bb7 13. Be5 Qc8 14. Bxf6 Qc6 15. Qg4 Bxf6 16. Nce4 Bxg5 17. Qxg5 Rf8 18. Rae1 f6 19. Qh6 f5 20. f3 fxe4 21. dxe4 Qb5 22. e5 Qxb2 23. Rf2 Qxa2 24. Rd1 Rad8 25. c4 Qxc4 26. f4 Qb3 27. Re2 Qxd1+ 28. Kf2 Qd4+ 29. Ke1 Qxf4 30. Qh3 Qf1+ 31. Kd2 Qf4+ 32. Ke1 Qc1# 0-1